Statistics for History writers of the Middle Ages

Click here to take the quiz!

General Stats

  • This quiz has been taken 3 times
  • The average score is 6 of 18

Answer Stats

HintAnswer% Correct
King of Castile who commissioned the first general history of Spain (13th c.)Alfonso X the Wise
100%
Syrian noble who befriended crusaders and wrote vivid memoirs (12th c.)Usama ibn Munqidh
100%
"Respected" first historian of the Anglo-saxons (7th c.)The Venerable Bede
67%
Although it was mostly hogwash, his history of the Breton kingdom kickstarted the Arthurian legend (12th c.)Geoffrey of Monmouth
33%
Knight from Champagne who wrote an eyewitness account of the siege of Constantinople (13th c.)Geoffrey of Villehardouin
33%
Bishop who wrote a 12-books history of the Franks (6th c.)Gregory of Tours
33%
Spaniard known for his "Etymologies" and a history of the Visigothic kings (7th c.)Isidore of Seville
33%
French lord, close friend and biographer of Saint Louis (13th c.)Jean de Joinville
33%
Hundred Years War's most famous chronicler, a Frenchman on the English side (14th c.)Jean Froissart
33%
Italian humanist, pioneered the scientific method and revealed that the donation of the Papal states by Constantine was fake (15th c.)Lorenzo Valla
33%
An english monk with a french city's name who loved drawing (13th c.)Matthew Paris
33%
Dominican encyclopedist whose "Mirror" was the most famous historical work of his time (13th c.)Vincent of Beauvais
33%
Historian of the kingdom of Jerusalem who discovered king Baldwin's leprosy (12th c.)William of Tyre
33%
Daughter of the emperor Alexios, she wrote about the crusades from the Greek point of view (12th c.)Anna Comnena
0%
Welsh cleric and biographer of Alfred the Great of Wessex (9th c.)Asser
0%
Tunisian who theorized the growth and fall of empires, also met Timur the Lame AND survived (14th c.)Ibn Khaldun
0%
Author of "The Brus", the first major work in Scots language (14th c.)John Barbour
0%
Norman chaplain and biographer of William the Conqueror, witnessed the batte of Hastings (11th c.)William of Poitiers
0%

Score Distribution

Percentile by Number Answered

Percent of People with Each Score

Your Score History

You have not taken this quiz